Business handbook : Access Nippon 1994
محفوظ في:
| مؤلف مشترك: | |
|---|---|
| التنسيق: | كتاب |
| اللغة: | Undetermined |
| منشور في: |
Tokyo
Access Nippon
1994
|
| الموضوعات: | |
| الوسوم: |
إضافة وسم
لا توجد وسوم, كن أول من يضع وسما على هذه التسجيلة!
|
| Thư viện lưu trữ: | Trung tâm Học liệu Trường Đại học Cần Thơ |
|---|
| LEADER | 00570nam a2200229Ia 4500 | ||
|---|---|---|---|
| 001 | CTU_98388 | ||
| 008 | 210402s9999 xx 000 0 und d | ||
| 082 | |a 338.8 | ||
| 082 | |b A169 | ||
| 110 | |a Access Nippon | ||
| 245 | 0 | |a Business handbook : | |
| 245 | 0 | |b Access Nippon 1994 | |
| 245 | 0 | |c Access Nippon | |
| 260 | |a Tokyo | ||
| 260 | |b Access Nippon | ||
| 260 | |c 1994 | ||
| 650 | |a Corporations,Industries | ||
| 650 | |x Directories | ||
| 650 | |y 1945 | ||
| 650 | |z Japan,Japan | ||
| 904 | |i Giang | ||
| 980 | |a Trung tâm Học liệu Trường Đại học Cần Thơ | ||